Incidence of Colletotrichum gloeosporioides in rubber tree latex (Hevea brasiliensis L.) (Record no. 60984)

MARC details
000 -LEADER
fixed length control field 00531nam a2200181Ia 4500
100 ## - MAIN ENTRY--AUTHOR NAME
Personal name Rolim P R R
245 #0 - TITLE STATEMENT
Title Incidence of Colletotrichum gloeosporioides in rubber tree latex (Hevea brasiliensis L.)
260 ## - PUBLICATION, DISTRIBUTION, ETC. (IMPRINT)
Name of publisher Summa Phytopathologica
Year of publication 2001
300 ## - PHYSICAL DESCRIPTION
Number of Pages 377-378
500 ## - GENERAL NOTE
General note Source Year: 2001
650 ## - SUBJECT ADDED ENTRY--TOPICAL TERM
Topical Term Colletotrichum gloeosporioides
650 ## - SUBJECT ADDED ENTRY--TOPICAL TERM
Topical Term Hevea brasiliensis
650 ## - SUBJECT ADDED ENTRY--TOPICAL TERM
Topical Term Rubber tree latex
700 ## - ADDED ENTRY--PERSONAL NAME
Personal name Kimati H
856 ## - ELECTRONIC LOCATION AND ACCESS
Uniform Resource Identifier RPP.80(11)
942 ## - ADDED ENTRY ELEMENTS (KOHA)
Koha item type Journals
Holdings
Withdrawn status Lost status Damaged status Not for loan Home library Current library Shelving location Date acquired Serial Enumeration / chronology Koha item type
      Journals RRII Library RRII Library Plant pathology 18/12/2001 Volume 26, Issue 3 Journals